00321nam a2200133Ia 4500008004100000041000800041082001500049100001600064245002800080250001400108260003200122300002200154365001100176240624s9999 xx 000 0 und d aeng a153.94 BAR aJIM BARRETT aULTIMATE APTITUDE TESTS a(1st ed.) c2009aNew DelhibKogan Page avi, : 201p ; 23cm cRSb30